Jak uzdravit své vnitřní dítě : sedm kroků k osvobození vlastního já /

Hlavní autor: Hühn, Susanne, 1965-
Další autoři: Kraus, Ivana, 1954-
Jazyk: Čeština
Vydáno: Olomouc : Fontána, [2018]
Vydání: Vydání první
Témata:
Fyzický popis: 222 stran ; 21 cm
Knihy
Uloženo v:
LEADER 02190nam a2200601 i 4500
001 nkc20183003663
003 CZ PrNK
005 20180720115754.0
007 ta
008 180625t20182018xr e f 000 0 cze
015 |a cnb003003663 
020 |a 978-80-7336-929-3  |q (brožováno) 
035 |a (OCoLC)1048448910 
040 |a OLA001  |b cze  |d ABA001  |e rda 
041 1 |a cze  |h ger 
072 7 |a 615.8  |x Fyzioterapie. Psychoterapie. Alternativní lékařství  |2 Konspekt  |9 14 
080 |a 615.851  |2 MRF 
080 |a 159.923.2  |2 MRF 
080 |a 17.02  |2 MRF 
080 |a 159.974  |2 MRF 
080 |a (035)  |2 MRF 
100 1 |a Hühn, Susanne,  |d 1965-  |7 ola2018999297  |4 aut 
240 1 0 |a Heilung des inneren Kindes.  |l Česky 
245 1 0 |a Jak uzdravit své vnitřní dítě :  |b sedm kroků k osvobození vlastního já /  |c Susanne Hühn ; z německého originálu Die Heilung des inneren Kindes ... přeložila Ivana Kraus 
246 1 5 |a Sedm kroků k osvobození vlastního já 
250 |a Vydání první 
264 1 |a Olomouc :  |b Fontána,  |c [2018] 
264 4 |c ©2018 
300 |a 222 stran ;  |c 21 cm 
336 |a text  |b txt  |2 rdacontent 
337 |a bez média  |b n  |2 rdamedia 
338 |a svazek  |b nc  |2 rdacarrier 
504 |a Obsahuje bibliografické odkazy 
650 0 7 |a terapie vnitřního dítěte  |7 ph824584  |2 czenas 
650 0 7 |a sebepoznání  |7 ph116116  |2 czenas 
650 0 7 |a sebepřijímání  |7 ph210489  |2 czenas 
650 0 7 |a sebeuzdravování  |7 ph125452  |2 czenas 
650 0 7 |a životní harmonie  |7 ph138147  |2 czenas 
650 0 7 |a psychická traumata  |7 ph124784  |2 czenas 
650 0 9 |a inner child therapy  |2 eczenas 
650 0 9 |a self-consciousness  |2 eczenas 
650 0 9 |a self-acceptance  |2 eczenas 
650 0 9 |a health self-care  |2 eczenas 
650 0 9 |a harmony of life  |2 eczenas 
650 0 9 |a psychic trauma  |2 eczenas 
655 7 |a příručky  |7 fd133209  |2 czenas 
655 9 |a handbooks and manuals  |2 eczenas 
700 1 |a Kraus, Ivana,  |d 1954-  |7 jn20010309064  |4 trl 
910 2 |a BOA001  |b 2-1410.495 
990 |a BK 
995 |a 01 
991 |b 201807  |c NOV 
996 6 |b 2610747537  |c 2-1410.495  |l MZK  |r Sklad / do 1 hodiny  |n 5  |p p.v.  |w 001672639  |u 000010  |a 1  |e BOA001  |j MZK50  |s P